Actors and actresses quiz - Statistics

General Stats
  • This quiz has been taken 66 times
  • The average score is 75 of 500
Answer Stats
Answer % Correct
437 Tzi Ma
72%
534 Amy Adams
54%
111 Emma Watson
54%
104 Dwayne Johnson
52%
531 Meryl Streep
52%
448 Will Smith
52%
4 Adam Sandler
48%
110 Emma Stone
48%
147 Jackie Chan
48%
348 Scarlett Johansson
48%
429 Tom Hanks
48%
164 Jennifer Aniston
46%
212 Leonardo DiCaprio
46%
225 Maggie Smith
46%
233 Martian Freeman
46%
256 Morgan Freeman
46%
347 Sandra Bullock
46%
28 Ben Affleck
43%
55 Chris Hemsworth
43%
507 Jada Pinkett Smith
43%
524 Justice Smith
43%
238 Matt Smith
43%
254 Ming-Na Wen
43%
328 Robert Downey Jr
43%
341 Ryan Reynolds
43%
346 Samuel L Jackson
43%
549 Anne Hathaway
41%
39 Brad Pitt
41%
123 Gemma Chan
41%
543 Halle Berry
41%
132 Harrison Ford
41%
165 Jennifer Lawrence
41%
214 Liam Hemsworth
41%
227 Marc Even Jackson
41%
515 Penelope Cruz
41%
17 Angelina Jolie
39%
532 Bruce Willis
39%
60 Christian Bale
39%
483 Doug Jones
39%
521 Felicity Jones
39%
150 James Earl Jones
39%
186 Johnny Depp
39%
198 Kathryn Hahn
39%
301 Neil Patrick Harris
39%
350 Sean Bean
39%
423 Tobey Maguire
39%
425 Toby Jones
39%
427 Tom Cruise
39%
547 Tommy Lee Jones
39%
1 Aaron Tayler-Johnson
37%
7 Al Pacino
37%
31 Ben Stiller
37%
45 Burt Reynolds
37%
462 Denzel Washington
37%
465 Elijah Wood
37%
194 Jude Law
37%
228 Margot Robbie
37%
558 Megan Fox
37%
327 Robert De Niro
37%
333 Robin Williams
37%
358 Simu Liu
37%
32 Benedict Cumberbatch
35%
49 Cate Blanchett
35%
54 Chris Evans
35%
58 Chris Pratt
35%
527 Emily Blunt
35%
145 Jack Black
35%
146 Jack Nicholson
35%
215 Liam Neeson
35%
221 Luke Hemsworth
35%
471 Michael J Fox
35%
303 Nicolas Cage
35%
432 Tom Holland
35%
442 Viola Davis
35%
38 Billy Dee Williams
33%
51 Channing Tatum
33%
52 Charlie Cox
33%
468 Christopher Lee
33%
64 Cillian Murphy
33%
131 Hana Mae Lee
33%
556 Helena Bonham Carter
33%
153 Jamie Foxx
33%
516 Judi Dench
33%
219 Ludi Lin
33%
306 Owen Wilson
33%
400 Stan Lee
33%
407 Sylvester Stallone
33%
553 Warwick Davis
33%
19 Anthony Hopkins
30%
40 Bradley Cooper
30%
551 Charlize Theron
30%
59 Chris Rock
30%
486 Courteney Cox
30%
529 Daniel Day-Lewis
30%
472 Eddie Murphy
30%
138 Hugh Jackman
30%
173 Jim Carrey
30%
309 Patrick Wilson
30%
320 Rainn Wilson
30%
331 Robert Redford
30%
497 Ryan Gosling
30%
349 Scott Wilson
30%
3 Adam Driver
28%
13 Andrew Garfield
28%
68 Colin Farrell
28%
463 George Clooney
28%
141 Ian Mckellen
28%
160 Jeff Bridges
28%
564 Jennifer Garner
28%
176 Joaquin Phoenix
28%
464 Jonah Hill
28%
536 Kevin Spacey
28%
231 Mark Ruffalo
28%
240 Mel Gibson
28%
245 Michael Douglas
28%
258 Natalie Portman
28%
530 Nicole Kidman
28%
307 Patrick Stewart
28%
339 Russell Crowe
28%
352 Sean Maguire
28%
355 Seth Green
28%
414 Tessa Thompson
28%
440 Vin Diessel
28%
460 Zendaya
28%
23 Arnold Schwarzenegger
26%
65 Clancy Brown
26%
498 Dustin Hoffman
26%
120 Gary Oldman
26%
129 Gwyneth Paltrow
26%
539 Heath Ledger
26%
239 Matthew McConaughey
26%
511 Michael Caine
26%
248 Michael Keaton
26%
321 Ralph Fiennes
26%
454 Woody Harrelson
26%
36 Bill Murray
24%
541 Clint Eastwood
24%
568 Dave Franco
24%
113 Ernie Hudson
24%
496 James Franco
24%
159 Jason Statham
24%
199 Keanu Reeves
24%
204 Kevin James
24%
206 Kurt Russell
24%
234 Martian Sheen
24%
312 Paul Rudd
24%
322 Randall Park
24%
330 Robert Pattinson
24%
478 Steve Carell
24%
544 Antonio Banderas
22%
57 Chris Pine
22%
494 Forest Whitaker
22%
537 Kevin Costner
22%
203 Kevin Hart
22%
230 Mark Hamil
22%
512 Mark Wahlberg
22%
244 Michael B Jordan
22%
332 Robin Lord Taylor
22%
550 Whoopi Goldberg
22%
449 Willem Dafoe
22%
446 Will Ferrell
22%
20 Anthony Mackie
20%
21 Anya Taylor-Joy
20%
559 Betty White
20%
43 Brie Larson
20%
107 Elizabeth Olsen
20%
143 Idris Elba
20%
149 Jake Gyllenhaal
20%
154 Jamie Lee Curtis
20%
477 Kristen Bell
20%
342 Salma Hayek
20%
430 Tom Hardy
20%
487 Aaron Paul
17%
554 Alan Rickman
17%
540 Carrie Fisher
17%
50 Chadwick Boseman
17%
501 Drake Bell
17%
116 Ewan McGregor
17%
546 Ezra Miller
17%
545 Frances McDormand
17%
163 Jeffery Wright
17%
170 Jesse L. Martin
17%
213 Letitia Wright
17%
229 Marisa Tomei
17%
466 Orlando Bloom
17%
567 Paul Walker
17%
490 Ray fisher
17%
560 Robin Wright
17%
356 Seth Macfarlane
17%
357 Seth Rogen
17%
408 T.J. Miller
17%
424 Tobin Bell
17%
445 Wentworth Miller
17%
461 Zoe Saldana
17%
5 Adrien Brody
15%
34 Benicio Del Toro
15%
29 Ben Kingsley
15%
82 Danny DeVito
15%
561 Ethan Hawke
15%
115 Evangeline Lilly
15%
161 Jeff Goldblum
15%
525 Jenna Ortega
15%
166 Jennifer Morrison
15%
167 Jeremy Irons
15%
168 Jeremy Renner
15%
180 John C Reilly
15%
500 Josh Peck
15%
257 Naomi Scott
15%
311 Paul Bettany
15%
563 Shia LaBeouf
15%
411 Temuera Morrison
15%
412 Terrence Howard
15%
418 Tilda Swinton
15%
458 Zac Efron
15%
10 Amanda Seyfried
13%
570 Bruce Dern
13%
44 Bryan Cranston
13%
548 Christopher Plummer
13%
72 Dan Aykroyd
13%
575 David Schwimmer
13%
92 David Spade
13%
100 Don Cheadle
13%
513 Eddie Redmayne
13%
105 Edward Norton
13%
493 Emilie Clarke
13%
158 Jason Momoa
13%
171 Jessica Chastain
13%
182 John Goodman
13%
202 Kevin Bacon
13%
310 Paul Anderson
13%
535 Sidney Poitier
13%
485 Sigourney Weaver
13%
404 Steve Buscemi
13%
476 Ted Danson
13%
473 Timothee Chalamet
13%
9 Alfred Molina
11%
533 Bruce Campbell
11%
63 Christoper Walken
11%
155 Jared Leto
11%
169 Jesse Eisenberg
11%
189 Jon Hamm
11%
191 Josh Brolin
11%
200 Keith David
11%
222 Lupita Nyong’o
11%
226 Mahershala Ali
11%
235 Martian Short
11%
246 Michael Fassbender
11%
557 Neve Campbell
11%
338 Rupert Grint
11%
354 Selena Gomez
11%
496 Sophie Turner
11%
419 Tim Curry
11%
451 William Hurt
11%
15 Andy Samberg
9%
16 Andy Serkis
9%
18 Anthony Daniels
9%
42 Brian Tyree Henry
9%
112 Eric Lange
9%
130 Hailee Steinfeld
9%
136 Henry Cavill
9%
183 John Krasinski
9%
188 Jon Favreau
9%
193 Josh Gad
9%
211 Laurence Fishburne
9%
313 Pedro Pascal
9%
528 Rami Malek
9%
343 Sam Elliott
9%
353 Sebastian Stan
9%
421 Tim Roth
9%
450 William H Macy
9%
6 Aidan Gillen
7%
14 Andrew Lincoln
7%
22 Ariana Grande
7%
25 Awkwafina
7%
26 BD Wong
7%
33 Benedict Wong
7%
35 Bill Hader
7%
62 Christoper Lloyd
7%
61 Christoph Waltz
7%
71 Daisy Ridley
7%
84 Dave Bautista
7%
91 David Ramsey
7%
95 Dennis Quaid
7%
99 Domhnall Gleeson
7%
101 Donald Glover
7%
114 Even Peters
7%
118 Florence Pugh
7%
119 Gal Gadot
7%
133 Harry Styles
7%
139 Hugo Weaving
7%
475 Ian McShane
7%
502 Jack Quaid
7%
151 James McAvoy
7%
144 J.K Simmons
7%
500 Keith Allan
7%
224 Mads Mikkelsen
7%
571 Malcolm McDowell
7%
249 Michael Madsen
7%
250 Michael Pena
7%
251 Michael Rooker
7%
481 Robert Patrick
7%
334 Ron Perlman
7%
576 Sasha Baron Cohen
7%
431 Tom Hiddleston
7%
455 Wyatt Russell
7%
2 Abigail Breslin
4%
474 Alexandra Daddario
4%
11 Ana de Armas
4%
37 Bill Skarsgard
4%
46 Candice Patton
4%
469 Carl Weathers
4%
497 Charles Dance
4%
53 Chiwetel Ejiofor
4%
67 Cobie Smulders
4%
70 Craig Robinson
4%
74 Daniel Brühl
4%
85 David Arquette
4%
495 Dylan O’Brien
4%
117 Finn Wolfhard
4%
467 Hayden Christensen
4%
140 Ian McDiarmid
4%
162 Jeffery Dean Morgan
4%
179 John Boyega
4%
181 John Cena
4%
190 Jonathan Majors
4%
195 Karen Gillan
4%
196 Karl Urban
4%
201 Kenneth Branagh
4%
491 Kit Harington
4%
209 Laura Linney
4%
232 Mark Strong
4%
236 Matt Bennett
4%
305 Oscar Isaac
4%
314 Pete Davidson
4%
316 Peter Dinklage
4%
492 Richard Madden
4%
326 Robert Carlyle
4%
337 Ruby Rose
4%
401 Stellan Skarsgard
4%
422 Timothy Olyphant
4%
562 Vera Farmiga
4%
459 Zachary Levi
4%
503 Antony Starr
2%
24 Avan Jogia
2%
27 Barry Keoghan
2%
488 Bob Odenkirk
2%
572 Carrie-Anne Moss
2%
66 Clark Gregg
2%
73 Danai Gurira
2%
88 David Harbour
2%
89 David Harewood
2%
489 | 555 David Tennant
2%
98 Djimon Hounsou
2%
482 Dominic Purcell
2%
106 Elizabeth Gillies
2%
126 Ginnifer Goodwin
2%
127 Grant Gustin
2%
542 Harold Ramis
2%
134 Hayley Atwell
2%
142 Ice Cube
2%
574 Irrfan Khan
2%
148 Jacob Batalon
2%
573 James Spader
2%
175 Jimmy Smits
2%
184 John Slattery
2%
192 Josh Dallas
2%
523 Ken Watanabe
2%
208 Lana Parrilla
2%
218 Lucy Hale
2%
247 Michael Gambon
2%
252 Michael Shannon
2%
498 Natalie Dormer
2%
317 Peyton List
2%
318 Pom Klementieff
2%
526 Richard Armitage
2%
329 Robert Englund
2%
335 Rosario Dawson
2%
522 Rose Leslie
2%
344 Sam Neil
2%
508 Sean Pertwee
2%
410 Taika Waititi
2%
416 Thomas Haden Church
2%
426 Tom Cavanagh
2%
428 Tom Felton
2%
439 Victoria Justice
2%
453 Winston Duke
2%
8 Alan Tudyk
0%
12 Andrew Braugher
0%
510 Anthony Carrigan
0%
506 Ben Mckenzie
0%
30 Ben Mendelsohn
0%
41 Bradley Whitford
0%
47 Carlos Valdses
0%
48 Cary-Hiroyuki Tagawa
0%
565 Charlie Hunnam
0%
499 Chi McBride
0%
56 Chris Parnell
0%
538 Christopher Heyerdahl
0%
479 Chukwudi lwuji
0%
69 Colin O’Donoghue
0%
79 Daniela Melchior
0%
76 Daniel Dae Kim
0%
75 Daniel Graig
0%
77 Daniel Kaluuya
0%
80 Danielle Nicolet
0%
81 Danielle Panabaker
0%
78 Daniel Redcliffe
0%
83 Danny Trejo
0%
86 David Bradley
0%
87 David Dastmalchian
0%
90 David Hasselhoff
0%
552 David Thewlis
0%
93 Demián Bichir
0%
94 Dennis Haysbert
0%
517 Derek Jacobi
0%
96 Dichen Lachman
0%
97 Diego Luna
0%
102 Donal Logue
0%
103 Donnie Yen
0%
569 Edward James Olmos
0%
108 Emilio Rivera
0%
109 Emily VanCamp
0%
504 Erin Moriarty
0%
480 Freddie Storma
0%
121 Gaten Matarazzo
0%
519 Gemma Arterton
0%
124 Giancarlo Esposite
0%
125 Gilbert Gottfried
0%
470 Gina Carano
0%
128 Greg Germann
0%
135 Helen McCory
0%
137 Hiroyuki Sanada
0%
499 Ian McElhinney
0%
152 Jamie Chung
0%
156 Jason Isaacs
0%
157 Jason Mantzoukas
0%
172 Jessica Henwick
0%
174 Jimmy O Yang
0%
178 Joel Kinnaman
0%
177 Joe Lo Truglio
0%
509 John Doman
0%
520 John Kani
0%
185 John Wesley Shipp
0%
187 Jon Bernthal
0%
505 Karen Fukuhara
0%
197 Kat Dennings
0%
514 Katherine Waterston
0%
205 Kumail Nanijani
0%
207 LaKeith Stanfield
0%
484 Lance Henriksen
0%
210 Laura Cohan
0%
216 Lil Rel Howery
0%
217 Lin-Manuel Miranda
0%
220 Luke Evens
0%
223 Ma Dong-seok
0%
237 Matt Demon
0%
241 Melissa Benoist
0%
242 Melissa Fumero
0%
243 Melissa McBride
0%
253 Michelle Pfeffer
0%
255 Miranda Cosgrove
0%
259 Nathan Kress
0%
300 Ned Dennehy
0%
566 Nicholas Hoult
0%
302 Nick Offerman
0%
304 Norman Reedus
0%
308 Patrick Warburton
0%
315 Peter Capaldi
0%
319 Rachel McAdms
0%
323 Raphael Sbarge
0%
324 Rhys Ifans
0%
325 Robbie Amell
0%
336 Rose Mclver
0%
340 Russell Hodgkinson
0%
345 Sam Witwer
0%
351 Sean Gunn
0%
359 Snoop Dogg
0%
402 Stephanie Beatriz
0%
403 Stephen Amell
0%
405 Steven Ogg
0%
406 Steven Yeun
0%
409 Tadanobu Asano
0%
518 Terence Stamp
0%
413 Terry Crews
0%
415 Teyonah Parris
0%
417 Thomas Middleditch
0%
420 Tim Meadows
0%
433 Tony Amendola
0%
434 Tony Chiu-Wai Leung
0%
435 Tony Todd
0%
436 Tyler Hoechlin
0%
438 Victor Garber
0%
441 Vincent D’Onfrio
0%
443 Walton Giggins
0%
444 Wen Jiang
0%
452 William Sadler
0%
447 Will Poulter
0%
456 Yahya Abdul-Mateen
0%
457 Yvonne Strahovski
0%
No matching quizzes found
Score Distribution
Percent of People with Each Score
Percentile by Number Answered
Your Score History
You have not taken this quiz